000
00249nam a2200097Ia 4500
008
220204s9999 xx 000 0 und d
082
_a
628.51
_b
POL
245
0
_a
Pollution in the pulp and paper industry
260
_a
Cambridge
_b
MIT
_c
1972
942
_c
BK
999
_c
34475
_d
34475